[Event "Llinars del Valles op-B 8th"]
[Site "Llinars del Valles"]
[Date "2015.05.30"]
[Round "7"]
[White "Rovirosa Illa, Jan"]
[Black "Mas Riera, Pere"]
[Result "1/2-1/2"]
[WhiteElo "1829"]
[BlackElo "1733"]
[PlyCount "28"]
[EventDate "2015.04.11"]
[EventType "swiss"]
[EventRounds "9"]
[EventCountry "ESP"]
[SourceTitle "EXT 2016"]
[Source "ChessBase"]
[SourceDate "2015.10.08"]
[SourceVersion "1"]
[SourceVersionDate "2015.10.08"]
[SourceQuality "1"]

1. e4 b6 2. d4 Bb7 3. Nc3 e6 4. Nf3 Nf6 5. Bd3 c5 6. Ne5 cxd4 7. Nb5 d6 8. Nf3 e5 9. Bg5 Be7 10. Bxf6 Bxf6 11. Qd2 a6 12. Na3 b5 13. 0-0 Nc6 14. Rac1 Qa5 1/2-1/2

[Event "Llinars del Valles op-B 8th"]
[Site "Llinars del Valles"]
[Date "2015.05.02"]
[Round "4"]
[White "Sarrate Presas, Jordi"]
[Black "Rovirosa Illa, Jan"]
[Result "1-0"]
[WhiteElo "1872"]
[BlackElo "1829"]
[PlyCount "21"]
[EventDate "2015.04.11"]
[EventType "swiss"]
[EventRounds "9"]
[EventCountry "ESP"]
[SourceTitle "EXT 2016"]
[Source "ChessBase"]
[SourceDate "2015.10.08"]
[SourceVersion "1"]
[SourceVersionDate "2015.10.08"]
[SourceQuality "1"]

1. d4 d5 2. Nf3 Nc6 3. e3 Nf6 4. Nbd2 Bf5 5. c4 b6 6. cxd5 Qxd5 7. Bc4 Qd7 8. Bb5 0-0-0 9. Ne5 Qd5 10. Nxc6 Rd7 11. Ba6# 1-0

[Event "Llinars del Valles op-B 8th"]
[Site "Llinars del Valles"]
[Date "2015.04.25"]
[Round "3"]
[White "Rovirosa Illa, Jan"]
[Black "Sama Rubio, Sergio"]
[Result "1-0"]
[WhiteElo "1829"]
[BlackElo "1674"]
[PlyCount "51"]
[EventDate "2015.04.11"]
[EventType "swiss"]
[EventRounds "9"]
[EventCountry "ESP"]
[SourceTitle "EXT 2016"]
[Source "ChessBase"]
[SourceDate "2015.10.08"]
[SourceVersion "1"]
[SourceVersionDate "2015.10.08"]
[SourceQuality "1"]

1. e4 e5 2. Nf3 Nc6 3. Bc4 Bc5 4. d3 h6 5. Nc3 Nf6 6. Nd5 d6 7. Be3 Bb6 8. Nxb6 axb6 9. h3 Be6 10. Bxe6 fxe6 11. g4 g5 12. d4 exd4 13. Nxd4 Nxd4 14. Bxd4 e5 15. Bc3 Nxe4 16. Bb4 Rf8 17. f3 Qf6 18. Rf1 Ng3 19. Rf2 Ne4 20. Rf1 c5 21. Qd3 cxb4 22. fxe4 Qe6 23. Qb5+ Qd7 24. Rxf8+ Ke7 25. Qxd7+ Kxd7 26. Rxa8 1-0